000 00643nam a2200229 i 4500
001 C2-0120723
003 PPAK
005 20180727112723.0
008 970814s1961 my |||| ||||| | may d
040 _aPPAK
_beng
_cPPAK
_erda
082 0 4 _a351.81
_223
090 0 0 _a351.81
_bPAN
_dKIH
100 1 _aPanikkar, K.M.,
_eauthor
245 1 0 _aNegara-negara Afro-Asia dan masalah-masalah
264 1 _aKuala Lumpur :
_bOxford University Press ,
_c1961
300 _ax, 127 pages ;
_c19 cm
336 _2rdacontent
_atext
337 _2rdamedia
_aunmediated
338 _2rdacarrier
_avolume
650 1 0 _aAfro-asian politics
942 _ddc
_cB
999 _c33974
_d33974